LEADER 00877nam a2200241 i 4500 001 000000147192 003 CaOOAMICUS 005 20060125000000.0 008 060125s1968 it u000 u ita u 013 $a124219 040 $aSeMil$bita 100 1 $aGetto, Giovanni <1913-2002>.$0(OLS)http://semarc/name/6325 245 10$aLetteratura e critica nel tempo /$cGiovanni Getto. 260 $aMilano :$bMarzorati,$cCopyr. 1968. 300 $a402 p. ;$c25 cm. 500 $aFondo Ciprandi. 650 4$aCritica letteraria.$0(OLS)http://semarc/subject/5094 850 $aSeMil 852 $aSeMil$W1$xVenegono$y1$m1B VI 61$j99776$B99776$CSeMilBibl$Z2$F108227 $81 941 1 $a1 961 $aOmaggio: Ciprandi dott. Paolo 996 $6245$aLetteratura e critica nel tempo$9(OLS)http://semarc/title/215225 996 $6260$aMilano :$bMarzorati$9(OLS)http://semarc/publisher/29683 LEADER 01017nam a2200253 i 4500 001 000000125840 003 CaOOAMICUS 005 20241021140417.0 008 051125s1997 it u000 u ita u 013 $a98541 040 $aSeMil$bita 245 10$aS. Maria di Rosano /$cBenedettine di Rosano. 260 $aPontassieve (FI) :$bAbbazia S. Maria di Rosano,$ccopyr. 1997. 300 $a286 p. , [16] p. di tav. ;$c24 cm. 500 $aFondo Card. C.M. Martini. 650 4$aRignano sull'Arno - Rosano - Monastero di Santa Maria.$0(OLS)http://semarc/subject/56524 700 1 $aBenedettine .$0(OLS)http://semarc/name/9810 850 $aSeMil 852 $aSeMil$W1$xVenegono$y1$m3P III 554$j251837$B80241$CSeMilBibl$Z2$F107569 $81 941 1 $a4 961 $aOmaggio: Martini Card. Carlo Maria 996 $6245$aS. Maria di Rosano$9(OLS)http://semarc/title/185358 996 $6260$aPontassieve (FI) :$bAbbazia S. Maria di Rosano$9(OLS)http://semarc/publisher/42597